El derecho internacional de los derechos humanos en el siglo XXI

Kaydedildi:
Detaylı Bibliyografya
Yazar: Trindade, Antonio Augusto Cancado (Yazar)
Materyal Türü: Kitap
Dil:İspanyolca
Baskı/Yayın Bilgisi: Barcelona Jurídica de Chile 2001
Konular:
Etiketler: Etiketle
Etiket eklenmemiş, İlk siz ekleyin!

MARC

LEADER 00000nam a2200000 a 4500
001 UCN2821
003 CL-VaPUC
008 010608e20010000SP |||||||||||||||||spa|d
082 0 4 |a 341.481  |b TRI  |2 21 
100 0 |a Trindade, Antonio Augusto Cancado  |e author  |9 459018 
245 1 3 |a El derecho internacional de los derechos humanos en el siglo XXI 
300 |a 455 p 
942 |c BK 
945 |d 20010608 00:00:00  |a vberengu 
260 |a Barcelona  |b Jurídica de Chile  |c 2001 
650 0 |a Derechos humanos  |9 223025 
650 0 |a Derechos fundamentales   |9 254841 
650 7 |a PACTO INTERNACIONAL DE DERECHOS ECONOMICOS, SOCIALES Y CULTURALES  |2 CL-VaPUC  |9 459019 
650 0 |a Democracia  |9 255256 
650 0 |a Estado de derecho  |9 257795 
650 7 |a PROTECCION DE LOS DERECHOS HUMANOS  |2 CL-VaPUC  |9 452271 
583 |a last modification  |c 20141114 12:41:51  |k Rodrigo Vera 
999 |c 295852  |d 295850 
952 |0 0  |1 0  |4 0  |6 341_481000000000000_TRI_2001  |7 0  |8 A  |9 349238  |a BIBDER  |b BIBDER  |d 2019-11-20  |i 3731723  |o 341.481 TRI 2001  |p 3731723  |r 2023-01-25  |w 2019-11-20  |y BK  |k DER